MDQL
is popping MORE tags! Check the
thread
!
Quizzes
Events
Quiz Creation
Community
Videos
Private Events
Remove Ads
Sign In
Join for FREE
Feedback
Dark Mode
Quiz Categories
Sports
Geography
Music
Movies
Television
Just For Fun
Miscellaneous
History
Literature
Language
Science
Gaming
Entertainment
Religion
Holiday
For Kids
Quiz Lab
Recent
Popular Today
Quiz Kudos Today
Editor Picks
Curator Picks
Quizzes by...
Day
Popularity
Type
Ratings
Length
Year
Community
Subscriptions
Recent Discussions
Orange Saloon
Badges
Playlists
Quests
Create
Leaderboards
Showdown
Live 5
Trivia Bingo
Activity
Puzzle Library
Sporcle Events
Private Events
Virtual Trivia
Globe League
Become a Host
Pub Owners
SporcleCon
Opinionation
Our Games
Videos
Blog
Mobile Apps
Partnerships
Remove Ads and Go Orange
Feedback
Science
Computer
Plants
Astronomy
Chemistry
Elements
Math
Animal
Physics
Anatomy
Biology
Geology
General Science
Science
Computer
Plants
Astronomy
Chemistry
Elements
Math
Animal
Physics
Anatomy
Biology
Geology
General Science
Random Quiz
Search Sporcle
×
Quiz Lab
Quiz Lab
Science
brand
Type in answers that appear in a list
Type in answers that appear in a list
Classic
Best Score? Go Orange.
Pharmacy Practice I Drugs, part 1 (Brand) Stats
Can you name the brand name for these generic drugs?
By
melissa91
20m
83 Questions
1,659 Plays
1,659 Plays
1,659 Plays
Comments
Comments
Give Quiz Kudos
Give Quiz Kudos
-
- Ratings
hide this ad
Random Order
Randomize order of answers
Randomize order of answers
Replay
Link that replays current quiz
Next Quiz
Link to next quiz in quiz playlist
You Got
0%
They Got
Avg Score
47%
Avg Friend Score
Upgrade to see
Score Distribution
Jump to the score distribution portion of the page
Score
0/83
Timer
20:00
0
Plays Today
Generic Name
Brand Name
% Correct
Atorvastatin Ca
Lipitor
79.9%
Furosemide
Lasix
78.5%
Warfarin Na
Coumadin
78.5%
Rosuvastatin Ca
Crestor
76.7%
Montelukast Na
Singulair
75.6%
Fluticasone Propionate
Flonase
72%
Simvastatin
Zocor
72%
Clopidigrel Bisulfate
Plavix
71.8%
Metformin HCl
Glucophage
70.4%
Insulin Glargine
Lantus
70.2%
Albuterol Sulfate
Proventil/Ventolin/Proair
68.2%
Insulin Lispro
Humalog
65.7%
Amlodipine Besylate
Norvasc
65.1%
Carvedilol
Coreg
65%
Metoprolol Succinate
Toprol XL
64.7%
Lisinopril
Prinvil/Zestril
63.6%
Ezetimibe
Zetia
62.7%
Fluticasone Propionate and Salmeterol
Advair
60.1%
Metoprolol Tartrate
Lopressor
59.6%
Insulin Aspart
Novolog
59.3%
Pravastatin Na
Pravachol
59.3%
Pioglitazone HCl
Actos
58.4%
Valsartan
Diovan
58.2%
Losartan K
Cozaar
57.8%
Atenolol
Tenormin
57.5%
Nitroglycerin (Oral)
Nitroquick/Nitrostat
55.5%
Spironolactone
Aldactone
55.2%
Digoxin
Lanoxin/Digitek
54.6%
Generic Name
Brand Name
% Correct
Latanoprost
Xalatan
54%
Tiotropium Br
Spiriva
53.7%
Mometasone Furoate Monohydrate (Nasal)
Nasonex
52.7%
Insulin Detemir
Levemir
52.5%
Sitagliptin Phosphate
Januvia
52%
Benzonatate
Tessalon
51.3%
Fenofibrate
Tricor
50.3%
Ciprofloxacin/
Dexamethasone
CiproDex
48%
Olmesartan Medoxomil
Benicar
47.8%
Omega-
3-
Acid Ethyl Esters
Lovaza
47.8%
Losartan K/
HCT
Hyzaar
46.6%
Clonidine HCl
Catapres/Nexiclon
46%
Niacin ER
Niaspan
45.8%
Diltiazem HCl
Cardizem
45.8%
Fluticasone Propionate (Inhalation)
Flovent HFA
45.5%
Isosorbide Mononitrate
Imdur
44.8%
Insulin
Humulin
44.1%
Ramipril
Altace
44%
Ipratropium Br/
Albuterol Sulfate
Combivent/DuoNeb
43.8%
Bumetanide
Bumex
42.5%
Budesonide/
Formoterol Fumarate
Pulmicort/Symbicort
41.8%
Lovastatin
Mevacor
41.7%
Propranolol HCl
Inderal
41.5%
Ezetimibe/
Simvastatin
Vytorin
41.4%
Olopatadine HCl
Patanol/Pataday
41.1%
Amiodarone
Pacerone/Cordarone
40%
Glimepiride
Amaryl
39.6%
Nifedipine
Procardia/Adalat/Nifedical
39.1%
Generic Name
Brand Name
% Correct
Levalbuterol HCl
Xopenex
38.8%
Gemfibrozil
Lopid
38.3%
Triamterene/
HCT
Dyazide/Maxzide
38.2%
Lisinopril/
HCT
Prinzide/Zestoretic
37.6%
Glipizide
Glucotrol
37.6%
Dipyridamole-
Aspirin
Aggrenox
37.5%
Hydroxyzine HCl
Atarax
37.2%
Cyclosporine Emulsion
Restasis
36.6%
Exenatide
Byetta
35.6%
Levocetirizine Dihydrochloride
Xyzal
35.4%
Codeine Phosphate/
Guaifenesin
Mytussin/Robitussin
34.7%
Triamcinolone Acetonide (Nasal)
Nasacort
34%
Glyburide
Micronase/Diabeta
33.7%
Hydroxyzine Pamoate
Vistaril
32.2%
Verapamil HCL
Calan/Verelan/Isoptin/Covera
31.8%
Chlorpheniramine/
Hydrocodone
Tussionex
31.4%
Terazosin HCl
Hytrin
30.6%
Hydrochlorothiazide
Microzide
28.3%
Aspirin EC
Easprin/Ecotrin/Empirin
28%
Moxifloxacin Hcl
Vigamox
27.8%
Azelastine HCl (Nasal)
Astelin/Asteopro
27.6%
Amlodipine Besylate/
Benazepril HCl
Lotrel
26.4%
Ferrous Sulfate
Slow FE
26.4%
Promethazine HCL/
Codeine Phosphate
Phenergan with Codeine
25.2%
Glyburide/
Metformin HCl
Glucovance
25.2%
Brimonidine Tartrate
Alphagan-P
20.3%
Fluticasone Furoate
Veramyst
17.8%
Quiz Playlist
Details
Report
Send in Message
Add To Playlist
Classic:
Type in answers that appear in a list
Random Order:
Randomize order of answers
Last Updated: Feb 16, 2017
Quiz Scoreboard
CHALLENGE
Sign Up to Join the Scoreboard
Show All
Scores
Hide
Comments
May contain spoilers
Recently Published
1-10 Letter E Words III
by El_Dandy
Language
2m
Street Fighter Characters
by Artimus82
Gaming
60s
College Basketball Coaching Resumes
by pancakes188
Sports
9m
More to Explore
Quiz From the Vault
Featured Blog Post
Where Did the Easter Bunny Come From?
hide this ad
You Might Also Like...
Tags
brand
Drug
Generic
Pharmacy
practice
Today's Top Quizzes in Science
Browse Science
hide this ad
Today's Top Quizzes in brand
Browse brand
Top Contributed Quizzes in Science
1
Quick Pick: Radians
2
The First 100 Digits of Pi
3
Quick Pick: 'CI-CJ' Animals
4
Elements In Images
5
perfect squares 1-25
6
One Thing in Common: Science
7
One Thing in Common: Science II
8
One Thing in Common: Animals
9
Order Up: Organs and Body Systems
10
One Thing in Common: Science III
Explore More
Trending Topics
Crossword
Kpop
Harry Potter
NBA
Marvel
Anime
Disney
Soccer
WWE
Pokémon
The Office
Puzzle
Country
NFL
Song
hide this ad
More By:
melissa91
Quiz
Plays
Rating
Category
Featured
Created
Pharmacy Abbreviations
2,190
2.50
Science
Sep 14, 2011
Medical Terminology
2,183
2.83
Language
Oct 14, 2011
Pharmacy Practice I Drugs, part 1 (Brand)
1,659
3.80
Science
Mar 27, 2012
Pharmacy Practice Drugs part 3 (brand)
1,030
4.33
Science
Mar 30, 2012
Pharmacy Practice I Drugs Part 2 (brand)
532
Science
Mar 27, 2012
Go to Creator's Profile
Score Distribution
Quiz Creator Spotlight
melissa91
Follow
Send a Message
Quizzes Created
-
Created Quiz Play Count
-
More By This Creator
Popular Quizzes Today
1
Find the US States - No Outlines Minefield
2
Find the Countries of Europe - No Outlines Minefield
3
The Countries of the World
4
Find the US States
5
Risky Map Clicking: Biggest States A-Z
6
US States
7
Popular People in 1961
8
Movies - When Are They Set?
More Science Quizzes
Vowel-less Bones
Published
Trending Quizzes
Risky Map Clicking: Least Populous States A-Z
Billboard Blitz: Aretha Franklin
Famous Russians: Author or Composer?
Countries of the World: 200 Million BC
1-10 Letter G Words
Recently Updated
Leaping Animals
pecheneg
Reality TV Shows (A-Z)
bhenderson79
Rickey Henderson's Hall of Fame Teammates
pecheneg
Champions League XIs: Arsenal
pecheneg
Quick Pick: Celebrities in WWE's Hall of Fame
aduchscher
A-Z Keypad Blitz II
pecheneg
Multiple Oscar Actors
pecheneg
Mystery Phrase Blitz: Oscar 'Best Actors'
pecheneg
F. Scott Fitzgerald Novels
LTH
Pick 3 Villains
ddd62291
Trending Topics
NBA
Crossword
Disney
Harry Potter
Kpop
Anime
Marvel
Country
NFL
Pokémon
WWE
Soccer
The Office
Song
Puzzle
Your Account Isn't Verified!
In order to create a playlist on Sporcle, you need to verify the email address you used during registration. Go to your
Sporcle Settings
to finish the process.
Report this User
Report this user for behavior that violates our
Community Guidelines
.
Details:
Send Report
Go to the Sporcle.com Mobile Site →
Comments